[Event "XXIX Cracovia 2018"]
[Site "Krakow"]
[Date "2018.12.31"]
[Round "6"]
[White "Patsia, Zviad"]
[Black "Kumor, Lukasz"]
[Result "1-0"]
[WhiteElo "2058"]
[BlackElo "2040"]
[Annotator "NA"]
[PlyCount "149"]
[EventDate "2018.12.27"]
[EventType "swiss"]
[EventCountry "POL"]
[SourceTitle "playchess.com"]
[Source "ChessBase"]
[SourceQuality "1"]
[TimeControl "40/5400+30:1800+30"]

1. c4 e5 2. Nc3 Nf6 3. g3 Nc6 4. Bg2 Bc5 5. e3 O-O 6. Nge2 d6 7. O-O Bf5 8. d4 exd4 9. Nxd4 Bd7 10. Nb3 Bb6 11. Nd5 Nxd5 12. cxd5 Ne5 $11 13. a4 a5 14. h3 Re8 15. Kh2 Qf6 16. e4 Qg6 17. Bf4 f5 18. Bxe5 Rxe5 19. Nd2 Bc5 20. exf5 Qxf5 21. Nf3 Re7 22. h4 Rae8 23. Nd4 Qf6 24. Ne6 Bxe6 25. dxe6 c6 26. Bh3 Qxb2 27. Rb1 Qe5 28. f4 Qf6 29. f5 Qd4 30. Qxd4 Bxd4 31. g4 Be5+ 32. Kg2 h6 33. g5 Rf8 34. gxh6 gxh6 35. Rg1 Kh7 36. Kf3 Rg8 37. h5 Bf6 38. Rg6 Rxg6 39. fxg6+ Kg7 40. Ke4 d5+ 41. Kf5 Bc3 42. Rb3 Bd4 43. Rb1 Kf8 44. Bf1 Rc7 45. Bh3 Bg7 46. Kf4 Ke7 47. Ke3 Kd6 48. Kd3 Re7 49. Bg4 Kc5 50. Bh3 b5 51. axb5 cxb5 52. Rc1+ Kb4 53. Rc6 a4 54. Bg2 a3 55. Bxd5 Ra7 56. Ba2 Be5 57. Rc8 Ka4 58. Ke4 Bf6 59. Rf8 Bg7 60. Rd8 Bf6 61. Rd7 Ra8 62. e7 b4 63. Rd8 Rxd8 64. exd8=Q Bxd8 65. g7 b3 66. Bxb3+ Kxb3 67. g8=Q+ Kb2 68. Qxd8 a2 69. Qd4+ Kb1 70. Kf5 a1=Q 71. Qxa1+ Kxa1 72. Kg6 Kb2 73. Kxh6 Kc3 74. Kg6 Kd4 75. h6 1-0

[Event "XXIX Cracovia 2018"]
[Site "Krakow"]
[Date "2018.12.31"]
[Round "6"]
[White "Nikitin, Aleksander I"]
[Black "Budnik, Mateusz"]
[Result "0-1"]
[WhiteElo "2031"]
[BlackElo "2053"]
[Annotator "NA"]
[PlyCount "124"]
[EventDate "2018.12.27"]
[EventType "swiss"]
[EventCountry "POL"]
[SourceTitle "playchess.com"]
[Source "ChessBase"]
[SourceQuality "1"]
[TimeControl "40/5400+30:1800+30"]

1. Nf3 {[%emt 0:00:00]} Nf6 {[%emt 0:04:17]} 2. g3 {[%emt 0:00:00]} g6 {[%emt 0:00:13]} 3. Bg2 {[%emt 0:00:00]} Bg7 {[%emt 0:00:07]} 4. O-O {[%emt 0:00:00]} O-O {[%emt 0:00:07]} 5. d3 {[%emt 0:00:05]} d5 {[%emt 0:00:28]} 6. Nbd2 {[%emt 0:00:17]} c6 {[%emt 0:01:29]} 7. e4 {[%emt 0:00:41]} e6 {[%emt 0:01:12]} 8. Re1 {[%emt 0:01:20]} b6 {[%emt 0:02:17]} 9. e5 {[%emt 0:03:55]} Nfd7 {[%emt 0:00:09]} 10. d4 {[%emt 0:00:25]} c5 {[%emt 0:00:20]} 11. c3 {[%emt 0:00:07]} Nc6 {[%emt 0:01:27]} 12. a3 {[%emt 0:00:43]} c4 {[%emt 0:03:48]} 13. Nf1 {[%emt 0:01:45]} b5 {[%emt 0:02:00]} 14. h4 $16 {[%emt 0:00:27]} a5 {[%emt 0:02:42]} 15. Bg5 {[%emt 0:02:28]} Qb6 {[%emt 0:06:49]} 16. Qd2 {[%emt 0:02:00]} Rb8 {[%emt 0:14:03]} 17. N1h2 {[%emt 0:10:58]} f6 {[%emt 0:07:28]} 18. exf6 {[%emt 0:03:02]} Nxf6 {[%emt 0:01:33]} 19. Bxf6 {[%emt 0:01:28]} Rxf6 {[%emt 0:03:17]} 20. Ng5 {[%emt 0:24:13]} Nd8 {[%emt 0:06:23]} 21. h5 {[%emt 0:06:05]} gxh5 {[%emt 0:07:44]} 22. Bf3 {[%emt 0:11:10]} h6 {[%emt 0:02:02]} 23. Nh3 {[%emt 0:01:22]} h4 {[%emt 0:03:14]} 24. Nf4 {[%emt 0:11:04]} hxg3 {[%emt 0:01:23]} 25. fxg3 {[%emt 0:00:14]} Nf7 {[%emt 0:03:05]} 26. Nh5 {[%emt 0:05:39]} Rg6 {[%emt 0:01:33]} 27. Qc2 {[%emt 0:05:44]} Rg5 {[%emt 0:02:06]} 28. Kh1 {[%emt 0:01:29]} Bd7 {[%emt 0:02:27]} 29. g4 {[%emt 0:01:46]} Qd6 {[%emt 0:04:46]} 30. Qd2 {[%emt 0:01:17]} e5 {[%emt 0:01:20]} 31. Nxg7 {[%emt 0:00:42]} Kxg7 {[%emt 0:00:27]} 32. dxe5 {[%emt 0:01:19]} Nxe5 {[%emt 0:01:07]} 33. Qd4 {[%emt 0:00:38]} Qf6 {[%emt 0:02:09]} 34. Rf1 {[%emt 0:02:36]} Nxf3 {[%emt 0:01:26]} 35. Qxf6+ {[%emt 0:00:15]} Kxf6 {[%emt 0:00:05]} 36. Nxf3 {[%emt 0:00:11]} Rg7 {[%emt 0:02:23]} 37. Rae1 {[%emt 0:01:12]} Kg6 {[%emt 0:02:14]} 38. Ne5+ {[%emt 0:01:15]} Kh7 {[%emt 0:01:04]} 39. Nxd7 {[%emt 0:00:52]} Rxd7 {[%emt 0:00:07]} 40. Re6 {[%emt 0:00:00]} Rg8 {[%emt 0:00:00]} 41. Rb6 {[%emt 0:05:06]} Rxg4 {[%emt 0:03:05]} 42. Rf2 {[%emt 0:06:17]} d4 {[%emt 0:03:23]} 43. cxd4 {[%emt 0:00:48]} Rg5 {[%emt 0:01:47]} 44. Rf4 {[%emt 0:09:07]} Rdg7 {[%emt 0:00:40]} 45. Rf2 {[%emt 0:00:49]} Re7 {[%emt 0:01:23]} 46. a4 {[%emt 0:03:21]} b4 {[%emt 0:00:58]} 47. Rc6 {[%emt 0:00:13]} Re1+ {[%emt 0:01:11]} 48. Kh2 {[%emt 0:00:06]} Re4 {[%emt 0:00:40]} 49. Rc7+ {[%emt 0:02:04]} Kg6 {[%emt 0:01:19]} 50. Rc6+ {[%emt 0:02:13]} Kh5 {[%emt 0:01:46]} 51. Kh1 {[%emt 0:01:22]} Rxd4 {[%emt 0:01:06]} 52. Rh2+ {[%emt 0:00:08]} Kg4 {[%emt 0:01:48]} 53. Rcxh6 {[%emt 0:03:31]} Rd1+ {[%emt 0:01:24]} 54. Kg2 {[%emt 0:00:03]} c3 {[%emt 0:02:17]} 55. bxc3 {[%emt 0:00:44]} b3 {[%emt 0:01:14]} 56. R6h4+ {[%emt 0:01:36]} Kf5+ {[%emt 0:00:04]} 57. Kf3 {[%emt 0:00:17]} Rd3+ {[%emt 0:03:14]} 58. Ke2 {[%emt 0:00:06]} Rxc3 {[%emt 0:00:50]} 59. Kd1 {[%emt 0:01:52]} Rg1+ {[%emt 0:01:49]} 60. Kd2 {[%emt 0:00:07]} Rc2+ {[%emt 0:00:12]} 61. Kd3 {[%emt 0:00:24]} Rg3+ {[%emt 0:00:24]} 62. Kd4 {[%emt 0:00:17]} b2 {[%emt 0:03:04]} 0-1

[Event "XXIX Cracovia 2018"]
[Site "Krakow"]
[Date "2018.12.31"]
[Round "6"]
[White "Smal, Tobiasz"]
[Black "Kvaratskhelia, Dimitri"]
[Result "1/2-1/2"]
[WhiteElo "1958"]
[BlackElo "1996"]
[Annotator "NA"]
[PlyCount "88"]
[EventDate "2018.12.27"]
[EventType "swiss"]
[EventCountry "POL"]
[SourceTitle "playchess.com"]
[Source "ChessBase"]
[SourceQuality "1"]
[TimeControl "40/5400+30:1800+30"]

1. d4 Nf6 2. c4 e6 3. Nc3 c5 4. Nf3 cxd4 5. Nxd4 a6 6. e4 d6 7. Be3 Be7 8. Be2 O-O 9. O-O Nc6 10. Rc1 Bd7 11. Qd2 Rc8 12. f3 Nxd4 13. Bxd4 Bc6 14. Rfd1 Nd7 15. b4 b6 16. Bf1 f5 17. exf5 Rxf5 18. Re1 Nf8 $16 19. Bd3 Rh5 20. Ne2 Bg5 21. Be3 Bxe3+ 22. Qxe3 Qh4 23. Qf4 Qxf4 24. Nxf4 Rh6 25. Be4 g5 26. Bxc6 Rxc6 27. Nd3 Rh4 28. Re4 Rxe4 29. fxe4 Kf7 30. Kf2 Ke7 31. Ke3 Nd7 32. Kd4 e5+ 33. Ke3 Ke6 34. Nb2 b5 35. a4 Nb6 36. axb5 axb5 37. Kd3 bxc4+ 38. Nxc4 d5 39. exd5+ Nxd5 40. b5 Rc5 41. Rb1 Nf4+ 42. Kc3 Nd5+ 43. Kd3 Nf4+ 44. Kc3 Nd5+ 1/2-1/2

[Event "XXIX Cracovia 2018"]
[Site "Krakow"]
[Date "2018.12.31"]
[Round "6"]
[White "Rysaev, Danial"]
[Black "Jankowiak, Tomasz"]
[Result "0-1"]
[WhiteElo "1945"]
[BlackElo "2070"]
[Annotator "NA"]
[PlyCount "56"]
[EventDate "2018.12.27"]
[EventType "swiss"]
[EventCountry "POL"]
[SourceTitle "playchess.com"]
[Source "ChessBase"]
[SourceQuality "1"]
[TimeControl "40/5400+30:1800+30"]

1. d4 d5 2. c4 c6 3. Nf3 Nf6 4. e3 e6 5. Nc3 Nbd7 6. Bd3 dxc4 7. Bxc4 b5 8. Bd3 a6 9. e4 Bb7 10. e5 Nd5 11. Nxd5 cxd5 12. O-O Be7 13. g3 O-O 14. Re1 b4 15. h4 a5 16. Kg2 Ba6 17. Bb1 Rc8 18. Ng5 g6 19. Nxh7 Rxc1 20. Qxc1 Kxh7 21. h5 Kg7 22. hxg6 fxg6 23. Qc6 Qb6 24. Qxd7 Qxd4 25. Qxe7+ Rf7 26. Qg5 Qxf2+ 27. Kh3 Bf1+ 28. Kg4 Qf3+ 0-1

[Event "XXIX Cracovia 2018"]
[Site "Krakow"]
[Date "2019.01.02"]
[Round "7"]
[White "Jarmula, Lukasz"]
[Black "Licznerski, Lukasz"]
[Result "1/2-1/2"]
[WhiteElo "2481"]
[BlackElo "2326"]
[Annotator "TA"]
[PlyCount "280"]
[EventDate "2018.12.27"]
[EventType "swiss"]
[EventCountry "POL"]
[SourceTitle "playchess.com"]
[Source "ChessBase"]
[SourceQuality "1"]

{[%evp 14,280,-12,-10,-4,-8,13,13,21,23,16,21,11,12,14,14,11,10,10,18,15,11,20,23,14,8,58,44,50,18,18,19,27,20,31,22,28,0,12,5,12,-27,0,0,0,-7,0,0,0,0,0,0,6,6,16,16,16,16,41,0,0,0,0,0,0,8,82,82,311,304,476,414,356,22,22,22,22,22,82,8,8,0,82,82,882,882,882,868,748,748,1835,1849,1807,1622,1799,1584,1488,693,686,686,686,679,672,622,622,55,239,0,0,0,0,0,0,0,317,917,237,0,0,0,29953,0,0,0,0,0,29955,29955,29939,5720,6604,0,0,0,0,0,0,0,29981,0,0,0,0,0,0,0,61,69,69,69,69,0,0,0,0,0,0,0,0,0,69,0,0,0,0,0,0,0,0,0,0,0,0,0,0,0,0,0,0,0,0,0,0,0,0,0,0,0,0,0,0,0,0,0,0,0,0,0,0,0,0,0,0,0,0,0,0,0,0,0,0,0,0,0,0,0,0,0,0,0,0,0,0,0,0,0,0,0,0,0,0,0,0,0,0,0,0,0,0,0,0,0,0,0,0,0,0,0,0,0,0,0,0,0,0,0,0,0,0,0,0,0,0,0,0,0,0,0,0]} 1. d4 Nf6 2. Nf3 g6 3. c4 Bg7 4. Nc3 d5 5. cxd5 Nxd5 6. Qa4+ Nc6 {D90: Grünfeld: 4 Nf3 Bg7 sidelines} 7. e4 (7. e3 O-O 8. Bb5 Nb6 9. Qd1 e5 10. Bxc6 exd4 11. exd4 bxc6 12. O-O Bg4 13. h3 Bxf3 14. Qxf3 Qxd4 {½-½ (26) Wang,H (2711)-Andersen,M (2601) Abu Dhabi 2018}) 7... Nb6 8. Qc2 {LiveBook: 3 Games} Nxd4 9. Nxd4 Qxd4 10. Nb5 Qb4+ 11. Bd2 Qxb2 12. Nxc7+ Kd8 13. Rc1 {[%cal Ba1c1,Bc1c2,Bc2d2][%mdl 32]} Qxc2 14. Rxc2 Rb8 $146 15. Nb5 Bd7 16. Nxa7 Ra8 17. Be3 Nc8 18. Nb5 Ra5 19. Rd2 Rxb5 20. Bxb5 Bc3 21. Bd4 (21. Bd3 {is interesting.} Bxd2+ 22. Bxd2 Nd6 23. O-O Bc6 24. Rd1) 21... Bxd2+ 22. Kxd2 Rf8 23. Bd3 Bc6 24. f3 Nd6 25. e5 Nb5 26. Bc5 Kd7 27. h4 Ra8 28. Bc4 Nc7 29. a3 Ra5 30. Bb6 Rxa3 31. Bxc7 Kxc7 32. Bxf7 $11 {[%mdl 4096] Endgame KRB-KRB} Ra5 33. h5 Rxe5 34. h6 {aiming for Bxg6!} Rg5 35. Rh2 Kd7 36. Bg8 Bd5 $1 {[%cal Rd5g8]} 37. Bxh7 Bf7 $1 38. f4 Rd5+ 39. Ke3 Ke6 (39... Ra5 $11) 40. g4 $16 Rd8 $2 (40... Kf6 $16 {was called for.}) 41. Rb2 $18 Kf6 (41... Rh8 $142 42. Rb6+ Kd7) 42. Rb6+ Rd6 43. g5+ $2 ({White should play} 43. Rxb7 $18 g5 44. Be4) 43... Kf5 $1 $11 44. Rb5+ Rd5 $1 {[%cal Rd5b5]} 45. Rxb7 Rd6 (45... Rd1 $11) 46. Rb5+ (46. Rxe7 $6 Re6+ 47. Rxe6 Bxe6 $11) (46. Rb8 $1 $16 {[%cal Rb8f8]} e5 47. Rb5) 46... Rd5 47. Rb7 (47. Bxg6+ $11 Kxg6 48. f5+ $1 {[%mdl 512]} Kxg5 49. Rxd5 Kxh6 50. Rb5) 47... Rd6 $16 48. Rb8 $1 {[%cal Rb8f8]} ({Much worse is} 48. Rxe7 $6 Re6+ 49. Rxe6 Bxe6 $11) 48... Re6+ $2 {[%mdl 8192]} (48... e5 $16) 49. Kd2 $18 Rd6+ 50. Kc2 Rc6+ 51. Kb2 e5 52. Bg8 Bxg8 {KRB-KR} 53. Rf8+ Kg4 54. Rxg8 {KR-KR} Rc7 55. Rxg6 (55. Rg7 $142 Rc8 56. fxe5) 55... exf4 56. Rg7 Rc8 57. h7 {Rg8 is the strong threat.} Rb8+ 58. Kc3 {Strongly threatening Rg8.} f3 {intending ...f2.} 59. Rg8 $2 (59. g6 $1 $18 Rc8+ 60. Kb4 Rb8+ 61. Kc5) 59... f2 $14 60. Rxb8 $2 (60. h8=Q $1 $18 {[%cal Rh8d4]} Rxg8 61. Qf6 (61. Qxg8 f1=Q $11)) 60... f1=Q $11 61. h8=Q Qc1+ 62. Kb3 Qd1+ $1 63. Kb4 Qd6+ $2 {[%mdl 8192]} (63... Qd2+ $11 {and Black is okay.} 64. Ka3 Qd6+ 65. Kb3 Qd3+ 66. Kb4 Qd6+ 67. Ka4 Qc6+ 68. Kb4 Qd6+ 69. Ka4 Qc6+ 70. Ka3 Qa6+ 71. Kb4 Qd6+) 64. Kc3 $1 $18 Qc5+ 65. Kd3 $2 (65. Kb2 $18 Qf2+ 66. Kb3 Qf7+ 67. Kc3 Qf3+ 68. Kb4 Qf4+ 69. Kb5) 65... Qf5+ $11 66. Kc4 (66. Kd2 $5 {[%cal Rh8d4]} Qf2+ 67. Kd3 Qf5+ 68. Kc3 Qf3+ 69. Kc4 Qf7+ 70. Kd3 Qf1+ 71. Kc3 Qc1+ 72. Kb3 Qd1+ 73. Kc4 Qf1+ 74. Kc5 Qf5+ 75. Kb4 Qe4+ 76. Kc3 Qe1+ 77. Kc4 Qe6+ 78. Kb4 Qd6+ 79. Kb3 Qe6+ 80. Ka3 Qa6+ 81. Kb3 Qe6+ 82. Kb2 Qe2+ 83. Kb3 Qd3+ 84. Kb4 Qd6+ $18) 66... Qf7+ $2 {[%mdl 8192]} (66... Qe6+ $11 67. Kc5 Qe7+ 68. Kd5 Qd7+ 69. Kc4 Qf7+ 70. Kc5 Qf5+ 71. Kb4 Qf4+ 72. Kb5 Qf5+ 73. Kb4 Qf4+ 74. Kb5 Qf5+ 75. Kb4) 67. Kc5 $2 (67. Kb4 Qf4+ 68. Kb5 Qf5+ 69. Kb4 Qf4+ 70. Kb5 Qf5+ 71. Kb4 Qf4+) 67... Qc7+ 68. Kb5 Qd7+ 69. Kb4 Qe7+ $2 {[%mdl 8192]} (69... Qd2+ $11 70. Kb3 Qd3+ 71. Kb4 Qd6+ 72. Kc4 Qe6+ 73. Kb4 Qd6+) 70. Ka4 $1 Qa7+ {[#]} 71. Kb3 $1 Qf7+ 72. Kb2 $2 ({Only move:} 72. Kc3 $18 Qf3+ 73. Kc4 Qf7+ 74. Kd4 Qf2+ 75. Kd5 Qf3+ 76. Kc5 Qf5+ 77. Kb4 Qf4+ 78. Kb5) 72... Qf2+ 73. Kc3 Qc5+ 74. Kd3 Qf5+ 75. Kd4 (75. Kd2 $5 {[%cal Rh8d4]} Qf4+ 76. Kc2 $18) 75... Qd7+ $2 {[%mdl 8192] [#]} (75... Qf2+ $11 76. Kd5 Qg2+ 77. Kd6 Qd2+ 78. Kc5 Qc2+ 79. Kb4 Qd2+ 80. Kb3 Qd3+ 81. Ka4 Qa6+ 82. Kb4 Qd6+ 83. Kc4 Qe6+ 84. Kc5 Qe7+ 85. Kb5 Qe2+ 86. Kc6 Qc4+ 87. Kd6 Qd3+ 88. Kc7 Qc4+ 89. Kd6 Qd3+ 90. Kc5 Qf5+ 91. Kb4 Qf4+ 92. Kb5 Qf5+ 93. Kb4 Qf4+ 94. Kb5 Qf5+ 95. Kb4) 76. Kc5 $2 (76. Kc3 $1 {mates} Qc7+ 77. Kb2 Qf4 78. Qc8+ Kh4 79. Rb5 Qe4 80. Qc2 Qd4+ 81. Qc3) 76... Qc7+ 77. Kb5 (77. Kb4 $5 {[%cal Rh8d4]} Qd6+ 78. Ka5 Qa3+ 79. Kb5 Qd3+ 80. Kb4 Qd6+ $18) 77... Qd7+ 78. Ka6 (78. Kb4 $11 Qd6+ 79. Kc4 Qe6+ 80. Kb4 Qd6+) 78... Qa4+ $14 79. Kb6 Qb4+ 80. Kc6 $1 Qc4+ 81. Kd6 Qd3+ 82. Ke7 ({White should try} 82. Kc5 $1 $14 Qc2+ 83. Kd5 Qg2+ 84. Ke6 Qc6+ 85. Ke5 Qc5+ 86. Ke4 Qc2+ 87. Ke3 Qc1+ 88. Kd4) 82... Qe4+ $11 83. Kf7 {Hoping for Qf6.} Qd5+ 84. Ke8 Qe6+ 85. Kf8 Qd6+ 86. Kg7 {Threatens to win with Qc8+.} Qe7+ (86... Qe5+ $11 87. Kf7 Qd5+ 88. Ke7 Qc5+ 89. Ke6 Qc6+ 90. Ke5 Qc5+ 91. Ke4 Qf5+ 92. Kd4 Qf2+ 93. Kd5 Qf3+ 94. Kc4 Qf7+ 95. Kc5 Qc7+) 87. Kg8 (87. Kg6 $1 $14 Qd6+ 88. Kg7 Qc7+ 89. Kf6 Qd6+ 90. Kf7 Qd7+ 91. Kg8 Qe6+ 92. Kh7 Qf5+ 93. g6 Qh5+ 94. Kg7 Qe5+ 95. Kf7 Qd5+ 96. Ke7 Qc5+ 97. Ke6 Qf5+ 98. Kd6 Qxg6+ 99. Kc5 Qf5+ 100. Kb4 Qe4+ 101. Ka5 Qd5+ 102. Rb5 Qa2+ 103. Kb6 Qe6+ 104. Kb7 Qe7+ 105. Kc6 Qe6+ 106. Kc5 Qf5+ 107. Kb6 Qe6+ 108. Ka7 Qe7+ 109. Ka6 Qa3+ 110. Kb7 Qe7+ 111. Kc8 Qe6+ 112. Kb8 Qd6+ 113. Kb7 Qe7+) 87... Qe6+ $1 {The position is equal.} 88. Kh7 Qf5+ $1 89. g6 Qh5+ 90. Kg7 Qe5+ 91. Kf7 Qd5+ 92. Ke7 Qc5+ 93. Ke8 Qc6+ 94. Kf8 Qd6+ 95. Kf7 Qd7+ 96. Kf8 (96. Kg8 $5 {[%cal Rb8b4]} Qd5+ 97. Kh7 Qh5+ 98. Kg7 Qe5+ 99. Kf7 Qd5+ 100. Ke7 Qe4+ 101. Kd6 Qxg6+ 102. Ke5 Qg5+ 103. Ke4 Qf5+ 104. Ke3 Qf3+ 105. Kd4 Qf2+ 106. Kd5 Qf3+ 107. Kd6 Qd3+ 108. Kc5 Qf5+ 109. Kb4 Qb1+ 110. Ka3 Qd3+ 111. Ka4 Qd1+ 112. Rb3 $18) 96... Qd6+ 97. Kg7 (97. Kf7 $5 {[%cal Rh8c8]} Qd7+ 98. Kg8 Qd5+ 99. Kh7 Qh5+ 100. Kg7 Qe5+ 101. Kf7 Qd5+ 102. Ke7 Qe4+ 103. Kf6 Qf5+ 104. Kg7 Qd7+ 105. Kg8 Qd5+ 106. Kh7 Qh5+ $18) 97... Qe5+ 98. Kf7 Qd5+ 99. Ke7 Qc5+ 100. Ke6 Qc6+ 101. Ke5 Qc5+ 102. Ke4 (102. Kf6 $5 {[%cal Rh8c8]} Qd6+ 103. Kf7 Qd7+ 104. Kg8 Qd5+ 105. Kh7 Qh5+ 106. Kg7 Qe5+ $18) 102... Qc6+ 103. Kd3 $1 Qf3+ $1 104. Kc2 $1 Qe4+ 105. Kb2 Qe2+ 106. Ka3 Qa6+ 107. Kb4 Qd6+ 108. Ka4 (108. Kb3 $5 {[%cal Rb8b4]} Qd1+ 109. Kb4 Qb1+ 110. Ka3 Qd3+ 111. Ka4 Qc2+ 112. Rb3 Qc6+ 113. Rb5 Qa6+ 114. Kb4 Qd6+ 115. Rc5 Qb6+ 116. Kc4 Qe6+ 117. Kc3 Qe1+ 118. Kb3 Qe6+ 119. Rc4+ Kg5 120. g7 Qe3+ 121. Ka4 Qa7+ 122. Kb5 Qb7+ 123. Kc5 Qc7+ 124. Kd4 Qd6+ 125. Ke3 Qg3+ 126. Ke4 Qf4+ 127. Kd5 Qf3+ 128. Kc5 Qe3+ 129. Kc6 Qf3+ 130. Kc7 Qf7+ 131. Kb8) 108... Qa6+ 109. Kb3 Qe6+ 110. Ka3 Qa6+ 111. Kb2 Qe2+ 112. Ka1 {And now Qd4+ would win.} Qa6+ 113. Kb1 Qd3+ 114. Kc1 Qc4+ 115. Kd2 ({Weaker is} 115. Kb2 Qe2+ $18) 115... Qd5+ 116. Ke3 Qe6+ 117. Kf2 Qf5+ 118. Ke3 Qe6+ 119. Kd4 Qd6+ 120. Ke4 {White threatens Qc8+ and mate.} Qc6+ 121. Kd4 Qd6+ 122. Kc4 Qc6+ 123. Kb4 Qd6+ 124. Kb3 Qd5+ 125. Kb2 Qd2+ 126. Ka3 Qa5+ 127. Kb2 Qd2+ 128. Kb1 {Black must now prevent Qc8+.} Qd3+ 129. Ka2 Qa6+ 130. Kb3 Qe6+ 131. Kc3 Qe1+ 132. Kc2 {White wants to mate with Qd4+.} Qe4+ 133. Kb2 Qe2+ 134. Kb3 Qe6+ 135. Kb4 {Qd4+ would kill now.} Qd6+ 136. Ka4 Qa6+ 137. Kb3 Qe6+ 138. Ka3 {Threatening mate with Qd4+.} Qa6+ 139. Kb2 {Intending Rb4+ and mate.} Qe2+ 140. Kb1 Qa6 {Accuracy: White = 50%, Black = 48%.} 1/2-1/2

[Event "XXIX Cracovia 2018"]
[Site "Krakow"]
[Date "2019.01.02"]
[Round "7"]
[White "Janik, Igor"]
[Black "Biriukov, Nikolai"]
[Result "1/2-1/2"]
[WhiteElo "2476"]
[BlackElo "2365"]
[Annotator "RC"]
[PlyCount "117"]
[EventDate "2018.12.27"]
[EventType "swiss"]
[EventCountry "POL"]
[SourceTitle "playchess.com"]
[Source "ChessBase"]
[SourceQuality "1"]
[TimeControl "40/5400+30:1800+30"]

1. e4 {[%emt 0:00:00]} e5 {[%emt 0:00:00]} 2. Nf3 {[%emt 0:00:00]} Nc6 {[%emt 0:00:00]} 3. Bc4 {[%emt 0:01:46]} Bc5 {[%emt 0:04:52]} 4. O-O {[%emt 0:00:14]} Nf6 {[%emt 0:00:04]} 5. d3 {[%emt 0:00:10]} O-O {[%emt 0:01:03]} 6. Re1 {[%emt 0:00:05]} d6 {[%emt 0:04:37]} 7. c3 {[%emt 0:00:14]} a6 {[%emt 0:02:01]} 8. Bb3 {[%emt 0:00:25]} Ba7 {[%emt 0:01:18]} 9. Nbd2 {[%emt 0:00:55]} Ne7 {[%emt 0:09:04]} 10. Nf1 {[%emt 0:01:12]} Ng6 {[%emt 0:00:26]} 11. Ng3 {[%emt 0:00:15]} Be6 {[%emt 0:06:54]} 12. Be3 {[%emt 0:00:57]} Qd7 {[%emt 0:07:54]} 13. Bxa7 {[%emt 0:03:33]} Rxa7 {[%emt 0:00:42]} 14. d4 {[%emt 0:00:12]} Bxb3 {[%emt 0:05:30]} 15. Qxb3 {[%emt 0:01:46]} Qb5 {[%emt 0:00:24]} 16. Qc2 {[%emt 0:02:14]} Re8 {[%emt 0:05:45]} 17. c4 {[%emt 0:02:17]} Qd7 {[%emt 0:04:09]} 18. d5 {[%emt 0:00:30]} b6 {[%emt 0:00:29]} 19. Nd2 {[%emt 0:01:56]} Nf4 {[%emt 0:05:05]} 20. a3 {[%emt 0:04:24]} a5 {[%emt 0:00:44]} 21. b3 {[%emt 0:01:33]} h5 {[%emt 0:00:33]} 22. f3 {[%emt 0:01:46]} Nh7 {[%emt 0:02:28]} 23. Ne2 {[%emt 0:02:20]} Nxe2+ {[%emt 0:01:01]} 24. Rxe2 {[%emt 0:00:01]} Nf8 {[%emt 0:00:10]} 25. Nb1 {[%emt 0:02:41]} Ng6 {[%emt 0:00:26]} 26. Nc3 {[%emt 0:00:20]} Rea8 {[%emt 0:06:17]} 27. Nb5 {[%emt 0:02:22]} Ra6 {[%emt 0:00:05]} 28. Rd2 {[%emt 0:01:03]} Ne7 {[%emt 0:00:15]} 29. Rf1 {[%emt 0:01:08]} Rf8 {[%emt 0:02:08]} 30. Kf2 {[%emt 0:02:03]} f5 {[%emt 0:00:30]} 31. Ke1 {[%emt 0:00:23]} Raa8 {[%emt 0:00:15]} 32. Re2 {[%emt 0:00:52]} Rf6 {[%emt 0:00:31]} 33. Kd1 {[%emt 0:01:49]} Raf8 {[%emt 0:03:36]} 34. Rfe1 {[%emt 0:00:44]} Ng6 {[%emt 0:00:29]} 35. Kc1 {[%emt 0:00:35]} Nh4 {[%emt 0:00:46]} 36. Kb2 {[%emt 0:01:48]} Rg6 {[%emt 0:00:44]} 37. exf5 {[%emt 0:03:35]} Rxf5 {[%emt 0:00:17]} 38. Rd2 {[%emt 0:00:48]} Rgf6 {[%emt 0:06:55]} 39. Re4 {[%emt 0:03:04]} Ng6 {[%emt 0:03:18]} 40. b4 {[%emt 0:00:00]} axb4 {[%emt 0:00:00]} 41. axb4 {[%emt 0:02:36]} Nf4 {[%emt 0:00:36]} 42. Qa4 {[%emt 0:01:53]} Kh7 {[%emt 0:01:01]} 43. Qa8 {[%emt 0:01:14]} Rf7 {[%emt 0:00:19]} 44. Qc6 {[%emt 0:02:04]} Qe7 {[%emt 0:10:39]} 45. Nd4 {[%emt 0:17:57]} R5f6 {[%emt 0:02:07]} 46. g3 {[%emt 0:01:23]} Qd8 {[%emt 0:00:53]} 47. gxf4 {[%emt 0:01:07]} exd4 {[%emt 0:00:04]} 48. Re8 {[%emt 0:01:33]} Qd7 {[%emt 0:00:09]} 49. Qxd7 {[%emt 0:00:05]} Rxd7 {[%emt 0:00:01]} 50. Rxd4 {[%emt 0:00:14]} Rdf7 {[%emt 0:04:23]} 51. Ree4 {[%emt 0:00:34]} Rg6 {[%emt 0:00:19]} 52. Kc2 {[%emt 0:00:53]} h4 {[%emt 0:08:33]} 53. Kd2 {[%emt 0:00:25]} Rg2+ {[%emt 0:00:59]} 54. Re2 {[%emt 0:00:12]} h3 {[%emt 0:00:14]} 55. Ke3 {[%emt 0:01:13]} Rg1 {[%emt 0:00:29]} 56. f5 {[%emt 0:05:01]} Rxf5 {[%emt 0:01:23]} 57. Rh4+ {[%emt 0:00:10]} Kg8 {[%emt 0:00:05]} 58. Rxh3 {[%emt 0:00:04]} Rc1 {[%emt 0:00:13]} 59. Rh4 {[%emt 0:00:24]} 1/2-1/2

[Event "XXIX Cracovia 2018"]
[Site "Krakow"]
[Date "2019.01.02"]
[Round "7"]
[White "Gumularz, Szymon"]
[Black "Eggink, Ryszard"]
[Result "1/2-1/2"]
[WhiteElo "2462"]
[BlackElo "2343"]
[Annotator "TA"]
[PlyCount "49"]
[EventDate "2018.12.27"]
[EventType "swiss"]
[EventCountry "POL"]
[SourceTitle "playchess.com"]
[Source "ChessBase"]
[SourceQuality "1"]

{[%evp 22,49,76,84,88,91,95,96,133,137,162,160,176,117,231,237,406,249,442,441,385,133,130,132,114,-11,-13,-23,-14,-42]} 1. e4 c5 2. Nf3 d6 3. d4 cxd4 4. Nxd4 Nf6 5. Nc3 a6 6. h3 e6 7. g4 {[%cal Bg2g4,Bg4g5][%mdl 32]} Nc6 {B81: Sicilian Scheveningen: Keres Attack} (7... h6 8. Bg2 g5 9. Be3 Nbd7 10. Qe2 Ne5 11. O-O-O Nfd7 12. h4 Rg8 13. hxg5 hxg5 14. Kb1 b5 15. f4 gxf4 16. Bxf4 Bb7 {½-½ (56) Karjakin,S (2773)-Mamedyarov,S (2801) Saint Louis 2018}) 8. g5 Nd7 9. Be3 Be7 10. h4 Qc7 11. h5 b5 12. Nxc6 {LiveBook: 4 Games} Qxc6 13. Qd4 e5 14. Qd2 f5 $146 {[#] Threatening ...f4.} ({Predecessor:} 14... Nb6 15. Bxb6 Qxb6 {1-0 (23) Tan,J (2462)-Tisma,I (2221) Paracin 2017}) 15. f4 $1 exf4 16. Bxf4 Nc5 17. O-O-O (17. Bg2 $18 {exf5 is the strong threat.} Bb7 18. h6) 17... fxe4 (17... Nxe4 $16 18. Bg2 Bb7) 18. Nd5 $18 ({But not} 18. Bxd6 $6 Qxd6 19. Qxd6 Bxd6 $16) 18... Ra7 $2 (18... Nd3+ {was necessary.} 19. Bxd3 Qxd5) 19. Qc3 {And now h6 would win.} Bd8 $2 (19... Bg4 20. Nxe7 (20. Qxg7 Rf8 $17) 20... Rxe7 21. Rxd6 (21. Bxd6 Bxd1 22. Bxe7 Nd3+ 23. Bxd3 Qxc3 $14) 21... Qc8) 20. h6 (20. Nb4 Qb7 $18) 20... O-O {[#] aiming for ...Rxf4!} 21. Nb4 $2 (21. hxg7 $18 Rxg7 22. Nf6+ Bxf6 23. gxf6) 21... Qe8 $16 22. Bxd6 ({Weaker is} 22. Rxd6 Rxf4 23. Qxc5 Raf7 $15) 22... Na4 23. Qd4 (23. Qe3 $16 Bb6 24. Qe1) 23... Bxg5+ $11 24. Kb1 Rff7 {White must now prevent ...Bf6.} 25. Bg2 {Precision: White = 50%, Black = 46%.} 1/2-1/2